000 00630nam a22002177a 4500
005 20170124105941.0
010 _a910094
020 _c35.00
035 _a910094
037 _bCen Lib/Ret
040 _aDPL
_bEN
082 _a220.21
_bBHA
100 _aBhat, G.K.
_911102
245 _aVedic themes :
_cby G.K.Bhat
_barticles n vedic topics /
260 _aDelhi
_bAjanta Publications
_c1978
270 _bDelhi
_aAjanta Publications
_e110007
300 _a119p.
_c20cm(Hb)
650 _a Vedas.
_911103
650 _aVedas -- Criticism, interpretation, etc.
_911104
942 _2ddc
_cEN
_h220.21
_mBHA
999 _c124543
_d124543